00516nam a2200181Ia 4500003000400000008004100004020001500045040001600060082001300076100002500089245004800114700002400162260006200186300002800248650001100276650002700287650002000314GCL140319s9999 xx 000 0 eng d a5702003411 aGCL / cGCL04a947bD U1 aDMITRIYEVICH, LEONID10aUSSR : bCHRONICLE / cDMITRIYEVICH, LEONID1 aYAKOVLEV, ALEXANDER a[S.N] : bNOVOSTI PRESS AGENCY PUBLISHING HOUSE ، c1991 a376 PbILL. ؛ c34 cm.04aRUSSIA04aRUSSIA - 20 TH CENTURY04aEVENTS - RUSSIA